| 000 | 00510ntaaa2200193 4500 | ||
|---|---|---|---|
| 003 | 01 | ||
| 005 | 20251027203030.0 | ||
| 008 | 0714s1973 ag 01 | ||
| 040 |
_aAR-BaBN _bspa _cAR-BaBN _eaacr _dRIC |
||
| 082 | _a132.0000 L642 | ||
| 100 |
_aLestchinsky, Alejandro _931371 |
||
| 245 | _aPsicologĂa de los estados nerviosos | ||
| 250 | _a1 ed. | ||
| 260 |
_aBuenos Aires : _bBina, _c1949 |
||
| 300 | _as/p | ||
| 650 |
_aPsicologia patologica _97519 |
||
| 650 | _aPersonalidad, Perturbaciones de | ||
| 942 | _cBK | ||
| 999 |
_c25682 _d25682 |
||